Spell the Marvel Hero #85 - Statistics

General Stats
  • This quiz has been taken 16 times
  • The average score is 8 of 10
Answer Stats
Picture Answer % Correct
Ant-Man
100%
Doctor Strange
100%
War Machine
100%
Elektra
88%
Namor the Sub-Mariner
88%
Omega
75%
Makkari
69%
Nightmask
69%
Wonder Man
69%
Rintrah
63%
No matching quizzes found
Score Distribution
Percent of People with Each Score
Percentile by Number Answered
Your Score History
You have not taken this quiz